| 000 | 00569nam a2200181Ia 4500 | ||
|---|---|---|---|
| 003 | GCL | ||
| 008 | 140319s9999 xx 000 0 ara d | ||
| 040 |
_aGCL / _cGCL |
||
| 082 | 0 | 4 |
_a792.025 _bش ا |
| 100 | 1 | _aشكرى عبدالوهاب | |
| 245 | 1 | 0 |
_aالاضاءة المسرحية / _cشكرى عبدالوهاب |
| 260 |
_a[S.N] : _bالهيئة المصرية العامة للكتاب ، _c1985 |
||
| 300 |
_a370ص ؛ _c24سم |
||
| 650 | 0 | 4 | _aالاضاءة الكهربائية |
| 650 | 0 | 4 | _aالمسارح |
| 650 | 0 | 4 | _aالاضاءة |
| 942 |
_2ddc _cBK |
||
| 999 |
_c32593 _d32593 |
||